Bilecik Bilecik Bilecik Bilecik Bilecik

Uluslararası Eskişehir karikatür festivali : (Record no. 45633)

MARC details
000 -BAŞLIK
Sabit Uzunluktaki Kontrol Alanı 01761nam a22003857a 4500
001 - KONTROL NUMARASI
Control Dosyası 0045664
003 - KONTROL NUMARASI KİMLİĞİ
Kontrol Alanı KOHA_MİRAKIL
005 - EN SON İŞLEM TARİHİ ve ZAMANI
Kontrol Alanı 20260207003452.0
007 - FİZİKSEL TANIM SABİT ALAN - GENEL BİLGİ
Sabit uzunluklu kontrol alanı ta
008 - SABİT UZUNLUKTAKİ VERİ ÖGELERİ - GENEL BİLGİ
Sabit Alan 140221b2013 tu |||gr||||#||||0|tur |
020 ## - ISBN - ULUSLARARASI STANDART KİTAP NUMARASI
Isbn 9789750617140
040 ## - KATALOGLAMA KAYNAĞI
Özgün Kataloglama Kurumu TR-BiSEU
Kataloglama Dili tur
Çeviri Kurumu TR-BiSEU
Açıklama Kuralları rda
041 0# - DİL KODU
Metin ya da ses kaydının dil kodu tur
044 ## - YAYINLAYAN/ÜRETEN KURULUŞUN ÜLKE KODU
ISO country code tu
050 ## - SINIFLAMA ve YER NUMARASI
Sınıflama Numarası NC1355
Yer Numarası .U48 2013
240 10 - TEK BİÇİM BAŞLIK
Tekbiçim Başlık <a href="7 th International Eskişehir cartoon festival, Eskişehir Turkey, 2012">7 th International Eskişehir cartoon festival, Eskişehir Turkey, 2012</a>
Language of a work Türkçe
245 1# - ESER ADI BİLDİRİMİ
Başlık Uluslararası Eskişehir karikatür festivali :
Alt Eseradı vb. felsefe karikatür festivali, Eskişehir, 07-30 Kasım 2012 =
-- 7 th International Eskişehir cartoon festival, Eskişehir Turkey, 2012/
Sorumluluk Bildirimi Festival komitesi : Tan Oral, Sadettin Aygün, Ezgi Uzgel Özkan ; katalog haz. Umut Serkan Özkan...[ve öte.].
246 ## - DEĞİŞİK BAŞLIK FORMU
Başlık uygun / kısa başlık Uluslararası Eskişehir Karikatür Festivali : Felsefe Karikatür Festivali (7 : Eskişehir : 2012)= International Eskişehir Cartoon Festival ((7 : Eskişehir : 2012)
264 #1 - ÜRERİM, YAYIN, DAĞITIM ve TELİF BİLDİRİMİ
Yayın yeri Eskişehir :
Yayınlayan Anadolu Üniversitesi Yayınları
Yayın tarihi 2013
300 ## - FİZİKSEL TANIMLAMA
Sayfa, Cilt vb. 139 sayfa ;
Boyutları 23 cm.
336 ## - İÇERİK TÜRÜ
Content type term metin
Content type code txt
Source rdacontent
337 ## - MEDYA TÜRÜ
Media type term aracısız
Media type code n
Source rdamedia
338 ## - TAŞIYICI TÜRÜ
Carrier type term cilt
Carrier type code nc
Source rdacarrier
490 1# - DİZİ BİLDİRİMİ
Dizi Bildirimi T.C.
490 1# - DİZİ BİLDİRİMİ
Dizi Bildirimi Anadolu Üniversitesi Yayınları ;
Cilt Numarası 3063.
490 1# - DİZİ BİLDİRİMİ
Dizi Bildirimi Araştırma ve Uygulama Merkezi Yayınları ;
Cilt Numarası 7.
650 #0 - KONU BAŞLIĞI EK GİRİŞ - KONU TERİMİ
Konusal terim veya coğrafi ad Caricatures and cartoons--Turkey--Exhibitions.
9 (RLIN) 84121
650 #0 - KONU BAŞLIĞI EK GİRİŞ - KONU TERİMİ
Konusal terim veya coğrafi ad Caricatures and cartoons--Exhibitions.
9 (RLIN) 84122
650 #0 - KONU BAŞLIĞI EK GİRİŞ - KONU TERİMİ
Konusal terim veya coğrafi ad Caricatures and cartoons--Awards.
9 (RLIN) 84123
650 #0 - KONU BAŞLIĞI EK GİRİŞ - KONU TERİMİ
Konusal terim veya coğrafi ad Wit and humor, Pictorial--Exhibitions.
9 (RLIN) 84124
830 1# - SERİ EK GİRİŞİ - TEKBİÇİM ESER ADI
Tekbiçim Başlık T.C.
9 (RLIN) 31809
830 1# - SERİ EK GİRİŞİ - TEKBİÇİM ESER ADI
Tekbiçim Başlık Anadolu Üniversitesi Yayınları ;
Volume number/sequential designation 3063.
9 (RLIN) 16074
830 1# - SERİ EK GİRİŞİ - TEKBİÇİM ESER ADI
Tekbiçim Başlık Araştırma ve Uygulama Merkezi Yayınları ;
Volume number/sequential designation 7.
9 (RLIN) 84125
942 ## - EK GİRİŞ ÖGELERİ (KOHA)
Source of classification or shelving scheme Library of Congress Classification
Koha item type Book
Holdings
Materyal Türü Kalıcı Konum Mevcut Konum Raf Yeri Sınıflandırma Kaynağı Edinim Bilgisi Ana Konular Alt Konular Yer Numarası Demirbaş Numarası Fatura Tarihi Geri Çekilme Durumu Kayıp Durumu Hasarlı Durumu Kredi için değil Kayıt Tarih Toplam Ödünçverme Son Görülme Tarihi Son Kontrol Tarihi Genel / Bağış Notu
Book Prof. Dr. Azmi Özcan Kütüphanesi Prof. Dr. Azmi Özcan Kütüphanesi Uluğbey Salonu Library of Congress Classification Bağış GÜZEL SANATLAR Çizim, Tasarım, İllüstrasyon NC1355 .U48 2013 0045664 02/02/2026         21/02/2014   26/05/2025 26/05/2025 Genel Bağış